Příspěvek k otázce ekonomické efektivnosti zahraničního obchodu se zemědělskými a potravinářskými výrobky ČSSR kandidátska dizertačná práca

Na minha lista:
Detalhes bibliográficos
Autor principal: Mikuláš, Jozef
Outros Autores: Bránický, Milan
Formato: Livro
Idioma:tcheco
Publicado em: Bratislava 1971
Tags: Adicionar Tag
Sem tags, seja o primeiro a adicionar uma tag!

MARC

LEADER 00000nam a2200000 4500
001 c028779
005 20221220102546.2
041 0 |a cze 
044 |a SK 
245 1 0 |a Příspěvek k otázce ekonomické efektivnosti zahraničního obchodu se zemědělskými a potravinářskými výrobky ČSSR  |b kandidátska dizertačná práca  |c Jozef Mikuláš ; ved. práce Milan Bránický 
264 1 |a Bratislava  |c 1971 
300 |a 125 s. 
100 1 |a Mikuláš, Jozef 
700 1 |a Bránický, Milan